| 000 | 01069cab a2200289 4500 | ||
|---|---|---|---|
| 001 | WB3509-20 | ||
| 008 | 090401t1999 xxu||||| |||| 00| 0 eng d | ||
| 035 | _a(Sirsi) u91813 | ||
| 041 | _aeng | ||
| 245 | _aHighway protest allowed | ||
| 260 | _c1999 | ||
| 350 | _a0 | ||
| 490 |
_aDaily Telegraph _v5 March 1999, 9(2) |
||
| 520 | _aThe HL has upheld the right to protest peacefully and to take part in demonstrations on the public highway that do not obstruct other road users. Two protesters taking part in a peaceful protest at Stonehenge had their appeal against their charge of `trespassory assembly` under the Criminal Justice and Public Order Act 1994 upheld. | ||
| 650 | _aCOMMON LAW | ||
| 650 | _aCRIMINAL JUSTICE AND PUBLIC ORDER ACT 1994 | ||
| 650 | _aLAW OF TRESPASS | ||
| 650 | _aOBSTRUCTION | ||
| 650 | _aPEACEFUL ASSEMBLY | ||
| 650 | _aPUBLIC HIGHWAY | ||
| 650 | _aRIGHT TO PROTEST | ||
| 650 | _aSTONEHENGE | ||
| 650 | _aTRESPASSORY ASSEMBLY | ||
| 690 | _aHIGHWAYS RIGHTS OF WAY AND EASEMENTS | ||
| 942 | _n0 | ||
| 948 | _c05/03/1999 | ||
| 999 |
_c58265 _d58265 |
||